Objective plant science at a glance: (Record no. 142102)

MARC details
000 -LEADER
fixed length control field 00746nam a22002537a 4500
003 - CONTROL NUMBER IDENTIFIER
control field OSt
020 ## - INTERNATIONAL STANDARD BOOK NUMBER
International Standard Book Number 9788172338886
082 ## - DEWEY DECIMAL CLASSIFICATION NUMBER
Classification number CE 580
Item number DEE/OB
100 ## - MAIN ENTRY--PERSONAL NAME
Personal name Deepak Kumar Verma
245 ## - TITLE STATEMENT
Title Objective plant science at a glance:
Remainder of title for ICAR-NET, ICAR-SRF, ICAR-JRF, IFS, IAS, SAU's and other competitive examinations
260 ## - PUBLICATION, DISTRIBUTION, ETC. (IMPRINT)
Place of publication, distribution, etc Jodhpur
Name of publisher, distributor, etc Scientific Publishers
Date of publication, distribution, etc 2014
300 ## - PHYSICAL DESCRIPTION
Extent 294p
546 ## - LANGUAGE
Language note English
650 ## - SUBJECT ADDED ENTRY--TOPICAL TERM
Topical term or geographic name as entry element Seed science and technology
650 ## - SUBJECT ADDED ENTRY--TOPICAL TERM
Topical term or geographic name as entry element Plant breeding
650 ## - SUBJECT ADDED ENTRY--TOPICAL TERM
Topical term or geographic name as entry element Cytogenetics
650 ## - SUBJECT ADDED ENTRY--TOPICAL TERM
Topical term or geographic name as entry element Competitive examination
650 ## - SUBJECT ADDED ENTRY--TOPICAL TERM
Topical term or geographic name as entry element Seed law enforcement
700 ## - ADDED ENTRY--PERSONAL NAME
Personal name Bavita Asthir
700 ## - ADDED ENTRY--PERSONAL NAME
Personal name Dinesh Narayan Bharadwaj
700 ## - ADDED ENTRY--PERSONAL NAME
Personal name Santanu Kumar Swain
700 ## - ADDED ENTRY--PERSONAL NAME
Personal name Verma, S S
942 ## - ADDED ENTRY ELEMENTS (KOHA)
Source of classification or shelving scheme Dewey Decimal Classification
Koha item type Books (General)
Holdings
Lost status Source of classification or shelving scheme Damaged status Not for loan Home library Current library Shelving location Date acquired Cost, normal purchase price Total Checkouts Full call number Barcode Date last seen Date last borrowed Koha item type Collection code Total Renewals
  Dewey Decimal Classification     KAU Central Library, Thrissur KAU Central Library, Thrissur General 01/12/2015 200.00 2 580 DEE/OB 225005 12/09/2024 12/09/2024 Books (General)    
  Dewey Decimal Classification     KAU Central Library, Thrissur KAU Central Library, Thrissur General 06/12/2017 220.00 1 580 DEE/OB 227691 03/10/2018 17/04/2018 Books (General) General  
  Dewey Decimal Classification     KAU Central Library, Thrissur KAU Central Library, Thrissur General 06/12/2017 220.00 5 CE 580 DEE/OB 227690 25/02/2022 25/02/2022 Books (General) General 1
  Dewey Decimal Classification     KAU Central Library, Thrissur KAU Central Library, Thrissur General 24/05/2019 220.00 2 CE 580 DEE/OB 228773 27/06/2025 27/06/2025 Books (General) General 2
Kerala Agricultural University Central Library
Thrissur-(Dt.), Kerala Pin:- 680656, India
Ph : (+91)(487) 2372219
E-mail: librarian@kau.in
Website: http://library.kau.in/